000 00619nam a2200277Ia 4500
005 20260324151019.0
008 008 260324s9999 xx 000 0 eng d
020 _a9781003110705
037 _aEBOOK
040 _aCRL
040 _beng
040 _cCRL
041 _2eng
041 _aeng
084 _qCRL
100 _aT. R. Glover
_91228423
245 0 _aPoets and Puritans
260 _bTaylor and Francis
260 _c1915
365 _a
365 _b135
856 _uhttp://www.taylorfrancis.com/books/9781003110705
942 _cEBOOK
999 _c1838836
_d1838836